New Zealand Rugby All Blacks to have played 100 tests or more - Statistics

General Stats
  • This quiz has been taken 2,336 times
    236 since last reset
  • The average score is 8 of 15
Answer Stats
Number of Tests Player % Correct
148 Richie McCaw
90%
112 Daniel Carter
79%
153 Sam Whitelock
78%
125 Aaron Smith
71%
139 Beauden Barrett
69%
100 Ardie Savea
58%
103 Ma'a Nonu
53%
132 Keven Mealamu
49%
109 Brodie Retallick
47%
127 Kieran Read
47%
101 Codie Taylor
39%
118 Tony Woodcock
36%
108 Owen Franks
33%
104 Sam Cane
31%
100 Mils Muliaina
28%
No matching quizzes found
Score Distribution
Percent of People with Each Score
Percentile by Number Answered
Your Score History
You have not taken this quiz since the last reset